Statistiques concernant Culture Générale - Série 787

Cliquez ici pour prendre le quiz!

Statistiques générales

  • Ce quiz a été pris 75 fois
  • Le résultat moyen est 7 sur 10

Statistiques - réponses

QuestionRéponse% Correct
Sur quel animal pratique-t-on le "jumping" ?cheval
97%
Selon l'expression, quand on ne sait pas à quoi s'en tenir, on se demande "si c'est du lard ou du...cochon
94%
Quel mot japonais désigne un raz de marée, une onde océanique provoquée par un séisme ou une éruption volcanique ?tsunami
94%
Dans quel État de l'Ouest des États-Unis peut-on flâner sur le célèbre Sunset Boulevard ?Californie
88%
Quel terme désigne à la fois une poule en papier plié, une fille légère et une marmite en fonte ?cocotte
87%
Selon la mythologie grecque, quelle femme créée par les dieux ouvrit une jarre contenant tous les maux, qui se répandirent alors sur la Terre ?Pandore
70%
Quel synonyme de "mésentente" est le titre d'un album des aventures d'Astérix et d'un film de Claude Zidi ?La Zizanie
64%
En 1976, selon les paroles de sa chanson, dans les mains de qui Johnny Hallyday meurt-il chaque soir ?Gabrielle
42%
Quelle est le prénom de l'actrice française nommée Karsenti ?Valérie
38%
En 2003, quel réalisateur a porté à l'écran le roman de Dennis Lehane : "Mystic River" ?Clint Eastwood
28%

Distribution des résultats

Percentile par nombre de réponses

% des personnes avec chaque résultat

Votre développement - résultats

Vous n’avez pas pris ce quiz